000 00421nam a2200181Ia 4500
001 4509
005 20260306145801.0
008 260306t1983||||xx |||||||||||||| ||spa||
041 _aESP
082 _a323.445
_bC262
100 _aCocca, Aldo Armando
_eAUT
245 0 _aEl derecho a comunicarse
260 _c1983
300 _a185 páginas :
_c22 cm.
650 _aGEN
654 _aCHU
942 _cLIB
_dJUS
_fJUS
_2ddc
_n
999 _c4509
_d4509